| Поле | Название | Значение |
| |
Тип записи |
a |
| |
Библиографический уровень |
m |
| 001 |
Контрольный номер |
RU/SLIB/B/208767330 |
| 005 |
Дата корректировки |
20260429151411.9 |
| 010 |
Индекс ISBN |
__ |
| a |
ISBN |
5-85300-004-7 |
| d |
Цена |
50-00; 96-00 |
| 100 |
Данные общей обработки |
__ |
| a |
Данные общей обработки |
20240819d1991 m y0rusy028902 ca |
| 101 |
Язык документа |
1_ |
| a |
Язык текста |
rus |
| c |
Язык оригинала |
eng |
| 102 |
Страна публикации |
__ |
| a |
Страна публикации |
RU |
| 105 |
Кодированные данные (монография) |
__ |
| a |
Кодированные данные (монография) |
y z 000zy |
| 181 |
Поле кодированных данных: вид содержания |
_0 |
| a |
Код вида содержания (ISBD) |
i |
| 182 |
Поле кодированных данных: тип средства |
_0 |
| a |
Код типа средства (ISBD) |
n |
| 200 |
Заглавие и сведения об ответственности |
0_ |
| a |
Заглавие |
Моя история |
| f |
Первые сведения об ответственности |
У. Геллер, Г. Плейфайр ; пер. с англ. В. И. Толстого |
| 203 |
Вид содержания и тип средства |
__ |
| a |
Вид содержания |
Текст |
| c |
Тип средства |
непосредственный |
| 210 |
Выходные данные |
1_ |
| a |
Место издания |
М. |
| c |
Издательство |
Соваминко |
| d |
Дата издания |
1991 |
| 215 |
Физическое описание |
__ |
| a |
Объем |
576 с. |
| 327 |
Примечание о содержании |
0_ |
| a |
Примечание о содержании |
Эффект Геллера |
| 330 |
Аннотация |
__ |
| a |
Аннотация |
В автобиографической книге знаменитого экстрасенса У. Геллера рассказывается о невероятных историях, происходящих в жизни этого удивительного человека, его уникальных способностях усилием воли сгибать металлические предметы, телепатически угадывать и передавать мысли на расстоянии, воздействовать на часовые механизмы и сложнейшие компьютерные системы. |
| 606 |
Тематические рубрики |
__ |
| a |
Основная рубрика |
Психология |
| 2 |
Код системы |
nlr_sh |
| 606 |
Тематические рубрики |
__ |
| a |
Основная рубрика |
Особые состояния и явления психики |
| 2 |
Код системы |
nlr_sh |
| 610 |
Ключевые слова |
0_ |
| a |
Ключевые слова |
экстрасенсы; телепатия; эффект Геллера; экстрасенсорные способности |
| 686 |
Индексы других классификаций |
__ |
| a |
Классификационный индекс |
88.288; ст88.28 |
| 2 |
Код системы |
rubbks |
| 700 |
Автор |
_1 |
| a |
Фамилия |
Геллер |
| b |
Имя |
У. |
| 4 |
Код отношения |
070 |
| 702 |
Вторичная интеллектуальная ответственность |
_1 |
| a |
Фамилия |
Плейфайр |
| b |
Имя |
Г. |
| 4 |
Код отношения |
070 |
| 702 |
Вторичная интеллектуальная ответственность |
_1 |
| a |
Фамилия |
Толстой |
| b |
Имя |
В. И. |
| 4 |
Код отношения |
730 |
| 801 |
Источник записи |
_0 |
| a |
Страна |
RU |
| b |
Организация |
Муниципальное бюджетное учреждение культуры "Централизованная библиотечная система" г. Сургут (Центральная городская библиотека им. А. С. Пушкина) |
| g |
Правила каталогизации |
PSBO |
| c |
Дата составления |
20040721 |
| 801 |
Источник записи |
_1 |
| a |
Страна |
RU |
| b |
Организация |
Муниципальное бюджетное учреждение культуры "Централизованная библиотечная система" г. Сургут (Центральная городская библиотека им. А. С. Пушкина) |
| g |
Правила каталогизации |
PSBO |
| c |
Дата составления |
20040721 |
| 852 |
Данные о местонахождении |
__ |
| j |
Шифр хранения |
88.288 |
| c |
Каталожный индекс |
88.6 |
| i |
Авторский знак |
Г 31 |
| p |
Инвентарный номер |
46075 |
| 901 |
Тип документа |
__ |
| t |
Тип документа |
m |
| a |
Ответственный |
КиК/Поспелова; КиК/Елгина |
| 901 |
Тип документа |
__ |
| a |
Ответственный |
СКБР2024 |
| 903 |
Характеристики (МАРС) |
__ |
| a |
Дата передачи |
20040721 |
| c |
Наименование библиотеки (МАРС) |
Муниципальное бюджетное учреждение культуры "Централизованная библиотечная система" г. Сургут (Центральная городская библиотека им. А. С. Пушкина) |
| 990 |
Данные о заказе (DOS) |
__ |
| j |
Количество экземпляров (DOS) |
1; 2 |
| t |
N записи в КСУ для И/У (DOS) |
200407; 199201 |